| 000 -LEADER |
| fixed length control field |
00715nam a22000977a 4500 |
| 008 - FIXED-LENGTH DATA ELEMENTS--GENERAL INFORMATION |
| fixed length control field |
240530b ||||| |||| 00| 0 eng d |
| 100 ## - MAIN ENTRY--AUTHOR'S NAME |
| Author's Name |
O'Keefe, Donna |
| 245 ## - TITLE STATEMENT |
| Title |
Philatelic Gems 3 |
| 260 ## - PUBLICATION, DISTRIBUTION, ETC. (IMPRINT) |
| Name of publisher, distributor, etc. |
Linn's |
| 650 ## - TOPICAL TERM (Tag) |
| Topical term or geographic name |
Rare Stamps|Austria|Barbados|Bermuda|British Central Africa|British Guiana|Buenos Aires|Cameroon|Canada|Canal Zone|Cayman Islands|Chile|China|Colombia|Cook Islands|Czechoslovakia|Denmark|Faroes|Fiji|Finland|France|Germany|Gold Coast|Great Britain|Greece|Guatemala|Hawaii|Ireland|Isle of Man|Italy|Jamaica|japan|Jersey|Luzembourg|Netherlands|New Hebrides|Newfoundland|North Borneo|Rhodesia|Russia|St. Helena|St. vincent|Samoa|Straits Settlements|Swenden|Switzerlan|Trinidad|United States|Western Australia |